000 01467nam a2200301 4500
001
003 DO-SdBNP
005 20230504130437.0
008 171103b 1998 sp| 00| 0 spa d
020 _a848649740X
020 _a
040 _aBMPSU
_bspa
_cBMPSU
082 4 _a303.483
_bF727t 1998
_222
111 2 _aForo sobre Tendencias Sociales
_n(2 . :
_d1997 : 22-24 octubre
_cMadrid)
245 1 0 _aTecnología y sociedad en el nuevo siglo :
_bsegundo foro sobre tendencias sociales los días 22,23 y 24 de octubre de 1997 /
_c
260 _aMadrid :
_bEditorial Sistema,
_c [2007]
300 _a735 p. ;
_c22 cm.
500 _aIncluye referencias bibliográficas y notas al pie de las páginas
520 _aLos trabajos presentados analizan los impactos sociales que están tendiendo lugar como consecuencia de los cambios científico-tecnológicos, tanto desde una perspectiva general como en lo concerniente a las innovaciones concretas en los campos de la biotecnología, las tecnologías de la información y la comunicación, la robótica y la automatización avanzada.
650 4 _aTecnología
_xAspectos sociales
_vCongresos, conferencias, etc.
650 4 _aRobótica
_vCongresos, conferencias, etc.
650 4 _aAutomatización
_vCongresos, conferencias, etc.
650 4 _a Nuevas tecnologías
700 1 _aTezanos, José Félix,
_eeditor
910 _aVMateo V. Control de calidad (BPMSU)
930 1 _l
_m
_8
_f
_p
942 _2ddc
_cBK
999 _c13116
_d13116